| 000 | 01434nam a22003254a 4500 | ||
|---|---|---|---|
| 001 | ebr10159710 | ||
| 003 | CaPaEBR | ||
| 006 | m u | ||
| 007 | cr cn||||||||| | ||
| 008 | 020220s2002 maua sb 101 0 eng | ||
| 020 | _z1568811810 (pbk.) | ||
| 040 |
_aCaPaEBR _cCaPaEBR |
||
| 035 | _a(OCoLC)560269939 | ||
| 050 | 1 | 4 |
_aQA491 _b.I55 2001eb |
| 082 | 0 | 4 |
_a736/.982 _221 |
| 111 | 2 |
_aInternational Meeting of Origami Science, Mathematics, and Education _n(3rd : _d2001 : _cAsilomar, Calif.) |
|
| 245 | 1 | 0 |
_aOrigamip3s _h[electronic resource] : _bThird International Meeting of Origami Science, Math, and Education / _cThomas Hull, editor. |
| 246 | 3 | _aOrigami three | |
| 246 | 3 | 0 | _aThird International Meeting of Origami Science, Mathematics, and Education |
| 260 |
_aNatick, MA : _bA K Peters, _cc2002. |
||
| 300 |
_axi, 353 p. : _bill. |
||
| 504 | _aIncludes bibliographical references (p. 343-344) and index. | ||
| 533 |
_aElectronic reproduction. _bPalo Alto, Calif. : _cebrary, _d2013. _nAvailable via World Wide Web. _nAccess may be limited to ebrary affiliated libraries. |
||
| 650 | 0 |
_aOrigami in education _vCongresses. |
|
| 650 | 0 |
_aOrigami _xMathematics _vCongresses. |
|
| 655 | 7 |
_aElectronic books. _2local |
|
| 700 | 1 |
_aHull, Thomas, _d1969- |
|
| 710 | 2 | _aebrary, Inc. | |
| 856 | 4 | 0 |
_uhttp://site.ebrary.com/lib/rucke/Doc?id=10159710 _zAn electronic book accessible through the World Wide Web; click to view |
| 999 |
_c243646 _d243646 |
||